000 00892nam a2200205 i 4500
001 154687
003 ES-MaACL
005 20230906205822.0
008 021001s1771 sz |||| | fre d
040 _aCCPB | B
_bspa
_cCCPB | B
100 1 _aGottsched, Johann Christoph.
_9127494
245 1 3 _aLe maitre de la lengue allemande ou Nouvelle grammaire allemande méthodique et raisonnée
_b: composé sur le modêle des meilleurs auteurs de nos jours & principalement sur celui /
_cde Gottsched.
250 _aSixième édition.
260 _aA Lausanne :
_bchés Jean Pierre Heubach & comp.,
_c1771.
300 _aXVI, 576 p., [1] h. pleg. ;
_c8º.
597 _aSign.: )(\p8\s, A-2N\p8\s.
650 4 _aLengua alemana-
_xGramática.
_914085
740 0 2 _aNouvelle grammaire allemande méthodique et raisonée.
852 _aES-MaACL
_jR-442
_z-- Enc. pasta española
_x Olim: D-2168
999 _c154687
_d154687